000 00702nam a22001935i 4500
001 163564
003 ES-MaACL
005 20251003063142.0
008 050913s1873 gw | |||||||| ||eng d
040 _aCAM
_bspa
_cCAM
100 1 _aRitchie, Anne Thackeray,
_d1837-1919
_9131835
245 1 0 _aOld Kensington /
_cby Miss Thackeray.
260 _aLeipzig :
_bBernhard Tauchnitz,
_c1873.
300 _a2 v. (312 ; 312 p.) ;
_c16 cm.
490 1 _aCollection of british authors ;
_v1314 ; 1315
830 0 _aCollection of british authors ;
_v1314 ; 1315
_9180703
852 _aES-MaACL
_jG-12859
_z-- Enc. hol., conservando la cub. original
_z-- Enc. 2 t. en 1 v.
999 _c163564
_d163564